Statistiques concernant Splatoon Lieux

Cliquez ici pour prendre le quiz!

Statistiques générales

  • Ce quiz a été pris 12 fois
  • Le résultat moyen est 18 sur 109

Statistiques - réponses

SplatoonSplatoon 2Splatoon 3Lieux% Correct
Chromapolis
80%
xCentre Arowana
60%
xxCité-Clabousse
60%
xxAlterna
50%
xPiste Méroule
50%
xTours Girelle
50%
xClub Ca$halot
40%
xGaleries Guppy
40%
Hall
40%
xLotissement Filament
40%
xManta Maria
40%
x✓(DLC)carte de la régionMétro Abyssal
40%
xxMine Marine
40%
xPont Esturgeon
40%
xSkatepark Mako
40%
x✓(DLC vague 2)Square de Chromapolis
40%
xTentatec Studio
40%
xxBanlieue Balibot
30%
xxCanyon aux colonnes
30%
xChantier Narval
30%
xDocks Haddock
30%
xEncrepôt
30%
xxGymnase Ancrage
30%
xxHalles de Port-merlu
30%
xInstitut Calam'arts
30%
xxLagune aux gobies
30%
Marée Armée
30%
xcarte de la régionOctacanyon
30%
mentionnécarte de la régionOctaVallée
30%
xParc Carapince
30%
xxRuines Uma'mi
30%
xxStade Bernique
30%
xxStation Doucebrise
30%
xSupermarché Cétacé
30%
xxAllées salées
20%
xxCanalamar
20%
xxContrée Clabousse
20%
xxGalerie des abysses
20%
xHippo-Camping
20%
xxMarché Grefin
20%
xM. Ours SA
20%
xxPassage Turbot
20%
xxRéservoir Rigadelle
20%
xxScène Sirène
20%
xSerre Goémon
20%
xxSources Sauret
20%
xBarrage Salmonoïde
10%
xxBase Tentacule
10%
xxBastion Branchies
10%
xxBastion colimaçon
10%
xCarrières Caviar
10%
xxCasse Rascasse
10%
xxCéphalo-QG
10%
xxCoolypso
10%
xxCryophoria
10%
xxÉden des ordures
10%
xÉpave des braves
10%
xxFumoir Sans-Espoir
10%
x✓(DLC vague 1)Galeries Lacrevette
10%
xxGarnison Siphon
10%
xxHôtel Atoll
10%
xxJardins luxuriants
10%
xxLabo du bonheur
10%
xxLe Cratère
10%
xxObservatoire Ventouse
10%
x✓(DLC vague 1)Place de Chromapolis
10%
xxRocade Rémora
10%
xxStation Polaris
10%
xxUsine cocoon
10%
xxUtopîle Futura
10%
Aire de tir
0%
xxAlternastra
0%
xxAu pied agile
0%
xxAu pied malin
0%
xxcarte de la régionBaie de Chromapolis
0%
xxcarte de la régionBaie de l'Anarchie
0%
xxBaraque barracuda
0%
x✓(DLC)xBase Coccyx
0%
x✓(DLC)xBastion intestinal
0%
xCalamarcade
0%
xxCentrale Anguilla
0%
x✓(DLC)xCentre névralgique
0%
xxCentre spatial d'Alterna
0%
x✓(DLC vague 2)Céphalotour
0%
xxcarte de la régionChromadia
0%
x✓(DLC)Colosse Patapoulpe
0%
xxCouvre-seiche
0%
x✓(DLC vague 1)Crustapied
0%
xCrustassiette
0%
xxCulture couture
0%
xxDésert de la Contrée Clabousse
0%
xxDojo
0%
xxEaux-de-forme
0%
x✓(DLC vague 1)Kamatête
0%
x✓(DLC vague 2)La Branchie
0%
x✓(DLC)xLac stomacal
0%
xinterview de Perlecarte de la régionMaison de Perle
0%
x✓(DLC)xMirador phrénique
0%
xmentionné(DLC)carte de la régionMont Mollus
0%
x✓(DLC vague 1)Octo'Mode
0%
xxPlateforme polymorphe
0%
xxQG des Calamazones
0%
mentionnémentionné(DLC)carte de la régionRégion Calamar
0%
x✓(DLC)xStation principale
0%
x✓(DLC vague 1)Tour de Chromapolis
0%
x✓(DLC)xTunnel grêle
0%
xxVestarium
0%
xxVestiaire
0%
x✓(DLC)xVestibule péristaltique
0%

Distribution des résultats

Percentile par nombre de réponses

% des personnes avec chaque résultat

Votre développement - résultats

Vous n’avez pas pris ce quiz